Výstava obrazov

Krátka správa o výstave obrazov Ž. Kaczaga, konanej 9.5.-11.5.1925 v Žiline

Bibliographic Details
Format: Article
Language:Slovak
Subjects:

MARC

LEADER 00000nab a22000001a 4500
001 vtls009007566
003 SK-MaSNL
005 20260303065448.0
008 070716d19250509xo |r|p|||| |000 b|slo
015 |a SNBRRBVU1918-1938 
038 |a SNKBUCL 
038 |a SNKBUVU 
040 |a SNKBUVU  |b slo  |c SNKBUCL  |e AACR2 
041 0 |a slo 
044 |a xo  |c SK 
080 |a 75.071.1:061.4  |2 1997 
245 0 0 |a Výstava obrazov 
500 |a V rubrike Domáce chýry 
520 |a Krátka správa o výstave obrazov Ž. Kaczaga, konanej 9.5.-11.5.1925 v Žiline 
600 1 7 |a Kaczag, Ž.  |2 MM  |9 1065544 
648 7 |a 1925  |2 MM  |9 281864 
650 0 7 |a slovenské maliarstvo  |2 MM  |9 3124 
650 0 7 |a výstavy  |2 snkbucl  |9 2780 
651 7 |a Žilina (Slovensko)  |2 MM  |9 28812 
773 0 |t Považské noviny  |g Roč. 3, č. 19 (9.5.1925), s. 3 
852 |a SNK  |b KIS3GCP 
910 |a snkrbvumm 
958 |a VY 
999 |c 1751274  |d 1753204